Postlisabonské procesy v Evropské unii /

Main Author: Pitrová, Markéta, 1973-
Language: Czech
Published: Brno : Masarykova univerzita, Fakulta sociálních studií, Mezinárodní politologický ústav, 2014
Edition: 1. vydání
Series: Monografie ; svazek č. 59
Subjects:
Physical Description: 379 stran ; 21 cm
Language note: Anglické resumé
Book
Saved in:
LEADER 02426nam a2200613 i 4500
001 nkc20152700227
003 CZ PrNK
005 20150616110220.0
007 ta
008 150515s2014 xr e 001 0 cze
015 |a cnb002700227 
020 |a 978-80-210-7777-5  |q (brožováno) 
035 |a (OCoLC)913564717 
040 |a BOA001  |b cze  |e rda 
041 0 |a cze  |b eng 
043 |a e------ 
045 |a y0y1 
072 7 |a 327  |x Mezinárodní vztahy, světová politika  |2 Konspekt  |9 15 
080 |a [339.923+327](4)  |2 MRF 
080 |a 342  |2 MRF 
080 |a 321  |2 MRF 
080 |a (4)  |2 MRF 
080 |a (048.8:082)  |2 MRF 
100 1 |a Pitrová, Markéta,  |d 1973-  |7 jo2001100090  |4 aut 
245 1 0 |a Postlisabonské procesy v Evropské unii /  |c Markéta Pitrová a kol. 
250 |a 1. vydání 
264 1 |a Brno :  |b Masarykova univerzita, Fakulta sociálních studií, Mezinárodní politologický ústav,  |c 2014 
300 |a 379 stran ;  |c 21 cm 
336 |a text  |b txt  |2 rdacontent 
337 |a bez média  |b n  |2 rdamedia 
338 |a svazek  |b nc  |2 rdacarrier 
490 1 |a Monografie ;  |v svazek č. 59 
500 |a 300 výtisků 
504 |a Obsahuje bibliografii, bibliografické odkazy a rejstřík 
546 |a Anglické resumé 
610 2 7 |a Evropská unie  |7 kn20010711086  |2 czenas 
630 0 7 |a Treaty on European Union  |d (1992 únor 7.).  |k Protokoly  |d (2007 prosinec 13.)  |7 unn2008468626  |2 czenas 
648 4 |a 2007-2014 
648 7 |a 21. století  |7 ch460559  |2 czenas 
650 0 7 |a evropská integrace  |7 ph137464  |y 21. století  |2 czenas 
650 0 7 |a ústavní právo  |7 ph116908  |z země Evropské unie  |2 czenas 
650 0 7 |a filozofie politiky  |7 ph114545  |z země Evropské unie  |2 czenas 
650 0 9 |a European integration  |y 21st century  |2 eczenas 
650 0 9 |a constitutional law  |z European Union countries  |2 eczenas 
650 0 9 |a philosophy of politics  |z European Union countries  |2 eczenas 
655 7 |a kolektivní monografie  |7 fd501537  |2 czenas 
655 9 |a collective monographs  |2 eczenas 
810 2 |a Masarykova univerzita.  |b Mezinárodní politologický ústav.  |t Monografie  |0 s 
910 2 |a BOA001  |b 2-1348.183 
990 |a BK 
995 |a 01 
991 |b 201506  |c NOV  |e n 
996 6 |b 2610633450  |c 2-1348.183  |l MZK  |r Sklad / do 1 hodiny  |n 3  |p p.v.  |w 001506307  |u 000010  |a 1  |e BOA001  |j MZK50  |s P 
996 7 |b 2610633451  |c 2-1348.183  |l MZK  |r Sklad / do 1 hodiny  |n 10  |p p.v.  |w 001506307  |u 000020  |a 1  |e BOA001  |j MZK50  |s A